000
00313nam a2200133Ia 4500
008
190216s9999||||xx |||||||||||||| ||und||
100
_a
Robley D. Evans
245
4
_a
The Atomic Molecules
250
_a
5th Ed.
260
_b
Tata Mcgrawhill Publishers
_c
1982
300
_a
972
650
_a
Physics
942
_c
BK
999
_c
32951
_d
32951